Participants in the WWF/WWE Royal Rumble Match - Statistics

General Stats
  • This quiz has been taken 72 times
  • The average score is 62 of 348
Answer Stats
Participant % Correct
The Undertaker
84%
Hulk Hogan
82%
John Cena
76%
Kane
76%
Triple H
76%
Shawn Michaels
73%
Edge
71%
Stone Cold Steve Austin
71%
The Rock
71%
Brock Lesnar
67%
Roman Reigns
65%
Big Show
64%
Bret Hart
60%
Randy Orton
60%
Ric Flair
60%
Rey Mysterio
58%
Seth Rollins
58%
Jeff Hardy
56%
Randy Savage
56%
Chris Jericho
55%
Christian
55%
Diesel
55%
The Ultimate Warrior
55%
Andre the Giant
53%
Yokozuna
51%
Batista
49%
Matt Hardy
49%
Sheamus
49%
The Miz
49%
Vince McMahon
49%
Daniel Bryan
47%
Chris Benoit
45%
CM Punk
45%
Eddie Guerrero
45%
Big Boss Man
44%
Chyna
44%
Kurt Angle
44%
Billy Gunn
42%
Earthquake
42%
Dean Ambrose
40%
Mankind
40%
Mark Henry
40%
Road Dogg
40%
Ted DiBiase
40%
X-Pac
40%
Booker T
38%
Goldberg
38%
JBL
38%
Kofi Kingston
38%
Mr. Perfect
38%
Owen Hart
38%
Smash
38%
Ax
36%
Big E
36%
Cody Rhodes
36%
Crush
36%
Goldust
36%
Mo
36%
Jim Duggan
35%
Rikishi
35%
AJ Styles
33%
Bray Wyatt
31%
Drew McIntyre
31%
Kevin Owens
31%
The Great Khali
31%
Alberto Del Rio
29%
Braun Strowman
29%
Dolph Ziggler
29%
Rob Van Dam
29%
Big John Studd
27%
Cesaro
27%
Jerry Lawler
27%
Roddy Piper
27%
Santino Marella
27%
Sid
27%
Typhoon
27%
Chavo Guerrero
25%
Dusty Rhodes
25%
Jimmy Snuka
25%
Luke Harper
25%
Rick Rude
25%
R-Truth
25%
Scotty 2 Hotty
25%
Tito Santana
25%
Wade Barrett
25%
Bobby Lashley
24%
Bubba Ray Dudley
24%
D'Lo Brown
24%
Gangrel
24%
Jim Neidhart
24%
John Morrison
24%
Michael Cole
24%
One Man Gang
24%
Test
24%
The Godfather
24%
Tugboat
24%
Viscera
24%
Beth Phoenix
22%
Carlito
22%
Hardcore Holly
22%
Jake Roberts
22%
Kevin Nash
22%
Lex Luger
22%
Maven
22%
Perry Saturn
22%
Ryback
22%
Sabu
22%
Sami Zayn
22%
Sgt. Slaughter
22%
Shelton Benjamin
22%
Umaga
22%
Bart Gunn
20%
Brutus Beefcake
20%
Erick Rowan
20%
Grand Master Sexay
20%
Heath Slater
20%
Mick Foley
20%
Rick Martel
20%
The Hurricane
20%
Vader
20%
Val Venis
20%
Akeem
18%
Al Snow
18%
Crash Holly
18%
Faarooq
18%
Greg Valentine
18%
M.V.P.
18%
Raven
18%
Rusev
18%
Scott Steiner
18%
Bam Bam Bigelow
16%
Bo Dallas
16%
Fatu
16%
Jimmy Uso
16%
Jinder Mahal
16%
Koko B. Ware
16%
Rhyno
16%
Sin Cara
16%
Tajiri
16%
Tatanka
16%
Ted DiBiase Jr
16%
The Warlord
16%
Titus O'Neil
16%
Tommy Dreamer
16%
Bob Backlund
15%
Bradshaw
15%
Dude Love
15%
Jack Swagger
15%
Jey Uso
15%
Justin Gabriel
15%
Kharma
15%
Lance Storm
15%
Mabel
15%
Rick Steiner
15%
Samu
15%
Spike Dudley
15%
Steve Blackman
15%
The British Bulldog
15%
William Regal
15%
Zack Ryder
15%
Ahmed Johnson
13%
Baron Corbin
13%
Charlie Haas
13%
Chris Masters
13%
Curtis Axel
13%
Darren Young
13%
David Otunga
13%
Doink the Clown
13%
Eugene
13%
Fandango
13%
Hornswoggle
13%
Jeff Jarrett
13%
Ken Shamrock
13%
King Kong Bundy
13%
Marty Jannetty
13%
Mr. Kennedy
13%
Savio Vega
13%
Skinner
13%
Tazz
13%
The Barbarian
13%
Tye Dillinger
13%
Tyson Kidd
13%
Big Cass
11%
Harley Race
11%
Hercules
11%
Hillbilly Jim
11%
JTG
11%
Papa Shango
11%
Ricardo Rodriguez
11%
Road Warrior Animal
11%
Rosey
11%
Alex Riley
9%
Arn Anderson
9%
A-Train
9%
Bad News Brown
9%
Brodus Clay
9%
Dino Bravo
9%
Drew Carey
9%
Enzo Amore
9%
Epico
9%
Evan Bourne
9%
Finlay
9%
Joey Mercury
9%
Neville
9%
Nunzio
9%
Primo
9%
Rico
9%
Road Warrior Hawk
9%
Saba Simba
9%
Snitsky
9%
The Boogeyman
9%
The Honky Tonk Man
9%
The Sandman
9%
Tyler Breeze
9%
Vladimir Kozlov
9%
Adam Rose
7%
Big Daddy V
7%
Bull Buchanan
7%
Chuck Palumbo
7%
Damien Sandow
7%
Daniel Puder
7%
Diamond Dallas Page
7%
Golga
7%
Jamal
7%
Jamie Noble
7%
Johnny Nitro
7%
Kevin Thorn
7%
Mason Ryan
7%
Mike Knox
7%
Prince Albert
7%
Rene Dupree
7%
Repo Man
7%
Ronnie Garvin
7%
Shane Douglas
7%
Simon Dean
7%
Stardust
7%
Super Crazy
7%
Tensai
7%
Tully Blanchard
7%
8-Ball
5%
Adam Bomb
5%
B2
5%
Bushwhacker Butch
5%
Bushwhacker Luke
5%
Christopher Nowinski
5%
El Torito
5%
Ezekiel Jackson
5%
Husky Harris
5%
Jim Brunzell
5%
Jonathan Coachman
5%
Kalisto
5%
Kurrgan
5%
Mantaur
5%
Nikolai Volkoff
5%
Psicosis
5%
Skull
5%
Sylvan
5%
The Junkyard Dog
5%
The Red Rooster
5%
Trevor Murdoch
5%
B. Brian Blair
4%
Bill DeMott
4%
Brian Kendrick
4%
Brian Knobbs
4%
Carlos Colon
4%
Chainz
4%
Dan Severn
4%
Don Muraco
4%
Droz
4%
Elijah Burke
4%
Gillberg
4%
Gregory Helms
4%
Headbanger Mosh
4%
Headbanger Thrasher
4%
Hunico
4%
James Ellsworth
4%
Jerry Sags
4%
Kenny Dykstra
4%
Kenzo Suzuki
4%
Latin Lover
4%
Luther Reigns
4%
Mark Jindrak
4%
Matt Morgan
4%
Max Moon
4%
Orlando Jordan
4%
Paul London
4%
Paul Roma
4%
Sam Houston
4%
Terry Funk
4%
The Berzerker
4%
The Blue Meanie
4%
The Texas Tornado
4%
Tiger Ali Singh
4%
Tyler Reks
4%
Bad News Barrett
2%
Boris Zhukov
2%
Chainsaw Charlie
2%
Cibernetico
2%
Damien Mizdow
2%
Danny Davis
2%
Ernest Miller
2%
Flash Funk
2%
Henry O. Godwinn
2%
Hunter Hearst Helmsley
2%
Irwin R. Schyster
2%
Jack Gallagher
2%
Kwang
2%
Marc Mero
2%
Mil Mascaras
2%
Mojo Rawley
2%
Phineas I. Godwinn
2%
Pierroth
2%
Rocky Maivia
2%
Sparky Plugg
2%
The 1-2-3 Kid
2%
The Goodfather
2%
The Ringmaster
2%
Aldo Montoya
0%
Barry Horowitz
0%
Blackjack Bradshaw
0%
Colonel Mustafa
0%
Damien Demento
0%
Dick Murdoch
0%
Dory Funk Jr
0%
Doug Gilbert
0%
Duke Droese
0%
Eli Blu
0%
Fake Diesel
0%
Fake Razor Ramon
0%
Genichiro Tenryu
0%
Hakushi
0%
Isaac Yankem D.D.S.
0%
Jacob Blu
0%
Jimmy Del Ray
0%
King Booker
0%
K-Kwik
0%
Muhammed Hassan
0%
Ron Bass
0%
Salvatore Sincere
0%
Sione
0%
Squat Teamer #1
0%
Squat Teamer #2
0%
Steven Dunn
0%
Takao Omori
0%
The Great Kabuki
0%
The Sultan
0%
Timothy Well
0%
Tom Prichard
0%
No matching quizzes found
Score Distribution
Percent of People with Each Score
Percentile by Number Answered
Your Score History
You have not taken this quiz